| 000 | 00809nam a22002297a 4500 | ||
|---|---|---|---|
| 003 | OSt | ||
| 005 | 20251125092245.0 | ||
| 008 | 251125b |||||||| |||| 00| 0 eng d | ||
| 020 | _a978-93-864-4617-6 | ||
| 040 |
_aDWCL-Main lib _cOC |
||
| 082 | _aCirc. 332.042 S194f 2017 | ||
| 100 | _aSanati, Gargi | ||
| 245 |
_a Financing International Trade: _bBanking theories and applications/ _cGargi Sanati |
||
| 260 |
_aThousand Oaks, California: _bSAGE Publications, _cc2017. |
||
| 300 |
_axxiii, 264 pages : _billustrations ; _c25cm. |
||
| 504 | _aIncludes index. | ||
| 650 | _a1. Banks and Banking ,International | ||
| 650 | _a2. Financial Institutions, International | ||
| 650 | _a3. Financial Institutions, International | ||
| 650 | _a4. International trade | ||
| 942 |
_2ddc _cBK-CIRC _kCirc. _n0 |
||
| 999 |
_c6171 _d6171 |
||